Fundamentos de física /
Guardado en:
| Autor Principal: | |
|---|---|
| Formato: | Libro |
| Idioma: | Spanish English |
| Publicado: |
México :
International Thomson Editores,
c2001.
|
| Edición: | [2a. ed.]. |
| Materias: | |
| Etiquetas: |
Agregar Etiqueta
Sin Etiquetas, Sea el primero en etiquetar este registro!
|
| LEADER | 01293nam a22003135a 4500 | ||
|---|---|---|---|
| 001 | EUN.eunm000093 | ||
| 005 | 20050805155056.0 | ||
| 008 | 040322s2001####mx#a##########001#0#spa#d | ||
| 020 | |a 9706860525 | ||
| 041 | 1 | |a spa |h eng | |
| 082 | 0 | 4 | |a 530 |2 20 |
| 100 | 1 | |a Hecht, Eugene. | |
| 245 | 1 | 0 | |a Fundamentos de física / |c Eugene Hecht. |
| 246 | 1 | 0 | |a Física |
| 250 | |a [2a. ed.]. | ||
| 260 | |a México : |b International Thomson Editores, |c c2001. | ||
| 300 | |a 382 p. : |b il. ; |c 28 cm. | ||
| 500 | |a Traducción y adaptación de los libros Physics: algebra and trig, v. 1 y 2, 2nd ed., publicados por Brooks/Cole Publishing. | ||
| 500 | |a Incluye índice. | ||
| 650 | 7 | |a Física. |2 Unbis | |
| 650 | 7 | |a Álgebra. |2 Unbis | |
| 650 | 7 | |a Matemáticas. |2 Unbis | |
| 859 | |a AR-BaUNS |b BIB. CENTRAL - Sector A |h 530 |i H355-1 |p 114253/004 | ||
| 859 | |a AR-BaUNS |b BIB. CENTRAL - Sector A |h 530 |i H355-1 |p 114712/004 |t Ej.2 | ||
| 859 | |a AR-BaUNS |b BIB. CENTRAL - Sector A |h 530 |i H355-1 |p 115008/005 |t Ej.3 | ||
| 859 | |a AR-BaUNS |b BIB. CENTRAL - Sector A |h 530 |i H355-1 |p 115009/005 |t Ej.4 | ||
| 859 | |a AR-BaUNS |b BIB. CENTRAL - Sector A |h 530 |i H355-1 |p 115010/005 |t Ej.5 | ||
| 859 | |a AR-BaUNS |b BIB. CENTRAL - Sector A |h 530 |i H355-1 |p 115011/005 |t Ej.6 | ||
| 859 | |a AR-BaUNS |b BIB. CENTRAL - Sector A |h 530 |i H355-1 |p 115903/005 |t Ej.7 | ||
